El sistema métrico en español - Statistics

General Stats
  • This quiz has been taken 17 times
    14 since last reset
  • The average score is 16 of 17
Answer Stats
English Español % Correct
Centimeter el centímetro
100%
Gram el gramo
100%
Kilogram el kilogramo
100%
Kilometer el kilómetro
100%
Liter el litro
100%
Meter el metro
100%
Milliliter el mililitro
100%
Millimeter el milímetro
100%
Weight el peso
100%
Time el tiempo
100%
Volume el volumen
100%
Hour la hora
100%
Mass La masa
100%
Temperature la temperatura
100%
Seconds los segundos
100%
Degrees Celsius grados Celsius
50%
Length la longitud
0%
No matching quizzes found
Score Distribution
Percent of People with Each Score
Percentile by Number Answered
Your Score History
You have not taken this quiz since the last reset